Acing the USMLE and the match: a guide for international medical graduates (Record no. 30693)

MARC details
000 -LEADER
fixed length control field 00690nam a2200157 a 4500
008 - FIXED-LENGTH DATA ELEMENTS--GENERAL INFORMATION
fixed length control field 160216s2008 ||||||||||||||||| || u
020 ## - INTERNATIONAL STANDARD BOOK NUMBER
International Standard Book Number 9788184483437
050 ## - LIBRARY OF CONGRESS CALL NUMBER
Classification number RC 58 Aci
100 ## - MAIN ENTRY--PERSONAL NAME
Personal name Gopal, Muralikrishna
245 10 - TITLE STATEMENT
Title Acing the USMLE and the match: a guide for international medical graduates
Statement of responsibility, etc. Edited by Muralikrishna Gopal
260 ## - PUBLICATION, DISTRIBUTION, ETC.
Place of publication, distribution, etc. New Delhi
Name of publisher, distributor, etc. Jaypee Brothers Medical publishers
Date of publication, distribution, etc. 2008
300 ## - PHYSICAL DESCRIPTION
Extent xiv, 261p.
350 ## -
-- 27.00
650 ## - SUBJECT ADDED ENTRY--TOPICAL TERM
Topical term or geographic name entry element CLINICAL MEDICINE--EXAMINATIONS, QUESTIONS, ETC
995 ## -
-- MEDICAL LIBRARY OPEN ACCESS
-- 903403
-- CBU-SCHOOL OF MEDICINE LIBRARY (Ndola)
-- 27.00
-- RC 58 Aci
-- 1
-- AVAILABLE
-- Feb 16, 2016
-- 903403
-- Medical Library Open Access Collection
999 ## -
-- 30693
-- 30693
Holdings
Withdrawn status Lost status Source of classification or shelving scheme Damaged status Not for loan Permanent Location Current Location Shelving location Date acquired Total Checkouts Full call number Barcode Date last seen Price effective from Koha item type
          CBU-SCHOOL OF MEDICINE LIBRARY, NDOLA. CBU-SCHOOL OF MEDICINE LIBRARY, NDOLA.   11/30/2022   RC 58 Aci 903403 11/30/2022 11/30/2022 MONOGRAPH